Kluby Eredivisie 2025/26 - nagła śmierć - Statystyki

Ogólne statystyki
  • Ten quiz został rozwiązany 63 razy
  • Średni wynik to 8 z 18
Answers on the Grid
Answers color-coded by a green-red scale on the quiz's grid according to % correct below.
ADO Den Haag
Ajax Amsterdam
Roda JC Kerkrade
PSV Eindhoven
SC Telstar
Willem II Tilburg
FC Volendam
Vitesse Arnhem
FC Emmen
Go Ahead Eagles
Feyenoord Rotterdam
FC Den Bosch
Fortuna Sittard
Heracles Almelo
Excelsior Rotterdam
SC Cambuur
De Graafschap
NAC Breda
NEC Nijmegen
RKC Waalwijk
Almere City FC
PEC Zwolle
Sparta Rotterdam
FC Groningen
FC Dordrecht
AZ Alkmaar
FC Utrecht
VVV Venlo
FC Twente Enschede
SC Heerenveen
 
Statystyki odpowiedzi
Odpowiedź % Poprawnych
Ajax Amsterdam
76%
AZ Alkmaar
71%
Feyenoord Rotterdam
68%
PSV Eindhoven
61%
FC Groningen
53%
FC Utrecht
53%
SC Heerenveen
50%
NEC Nijmegen
42%
Sparta Rotterdam
42%
FC Twente Enschede
39%
PEC Zwolle
39%
Excelsior Rotterdam
37%
Go Ahead Eagles
37%
NAC Breda
37%
Heracles Almelo
32%
Fortuna Sittard
29%
SC Telstar
21%
FC Volendam
11%
Nie znaleziono quizów pasujących do podanych kryteriów
Rozkład punktacji
Procent ludzi z każdym wynikiem
Percentyl według liczby udzielonych odpowiedzi
Twoja historia wyników
Nie rozwiązałeś tego quizu